Las Bibliotecas de Barcelona y su provincia : manuales de archivos y bibliotecas manuales de archivos y bibliotecas
Publicado:
Madrid :
Dirección General de Archivos y Bibliotecas, Servicio de Publicaciones del Ministerior de Educación Nacional ,
1952
Descripción Física:
155 p., [20] p. de làm. ; 21 cm
Colección:
Manuales de archivos y bibliotecas
Otros Autores:
Espanya. Dirección General de Archivos y Bibliotecas
Materias:
Biblioteques -- Barcelona (Província)
MARC
| LEADER | 00000nam a2200000Ia 4500 | ||
|---|---|---|---|
| 001 | 14140 | ||
| 008 | 160829s1952 xx 000 0 cat d | ||
| 080 | |a A-2-146 | ||
| 245 | |a Las Bibliotecas de Barcelona y su provincia : |b manuales de archivos y bibliotecas | ||
| 260 | |a Madrid : |b Dirección General de Archivos y Bibliotecas, Servicio de Publicaciones del Ministerior de Educación Nacional, |c 1952 | ||
| 300 | |a 155 p., [20] p. de làm. ; |c 21 cm | ||
| 490 | |a Manuales de archivos y bibliotecas | ||
| 590 | |a Títol a la portada: Bibliotecas de Barcelona. | ||
| 590 | |a Hi ha un duplicat amb R. 15946 a: DUP-319 | ||
| 650 | |a Biblioteques |x Barcelona (Província) |9 41544 | ||
| 700 | |a Espanya. Dirección General de Archivos y Bibliotecas |9 22004 | ||
| 901 | |a Arxiu | ||
| 942 | |n 1 | ||
| 952 | |0 0 |1 0 |4 0 |6 A2146 |7 1 |9 41996 |a Arxiu |b Arxiu |d 2016-12-01 |l 0 |o A-2-146 |p 14140 |r 2016-12-01 00:00:00 |w 2016-12-01 |y ARXIU | ||
| 999 | |c 44443 |d 44443 | ||